LEADER 02264nam a2200385 u 4500 001 000000045612 003 CaOOAMICUS 005 20110201151502.0 008 990608s1583 gw u000 u lat u 026 $auml- a-e-$bi.3. *Lvt (3)$c1583 (R)$dpt.1 026 $am.um idi-$bu.*- noqu (3)$c1583 (R)$dpt.2 035 $a10825943 040 $aPUL(R)$bita 100 1 $aPreti, Simone,$dsec. XVI.$0(OLS)http://pul/name/31289 245 10$aDe ultimarum voluntatum interpretatione tractatus amplissimus, divisus in V libros ... /$cauctore Simone De Praetis patricio pisaurensi iurisconsultissimo ... 250 $aIam vero in gratiam totius Germaniae denuo recusum, et ab infinitis mendis, quibus Venetianum (quod collatio utriusque candido lectori manifestum reddet) scatebat, repurgatum. 260 $aFrancoforti ad Moenum :$b[Sigmund Feyerabend],$c1583$e(Francofurti ad Moenum :$fapud Christophorum Corvinum impensis Sigismundi Feyrabend,$g1583) 300 $a2pt. ([16], 303, [1] p., 236 c., 164, [104] p. ;$cfol. (35 cm). 500 $aSegnatura pt.1: )(6 A-Z4 a-p4. 500 $aSegnatura pt.2: A-Z4 a-z4 AA-NN4 AA-TT4 VV8 a-l4 m6. 500 $aMarche di Sigmund Feyerabend sui front. e in fine. 500 $aSul front. della pt. 2.: Francofurti ad Moenum, apud Petrum Fabricium, 1583. 500 $aIniziali e fregi xil. 500 $aInclude indice. 662 $aGermania$dFrancoforte.$0(OLS)http://pul/subject/35269 710 0 $aRab, Christoph$4pbl.$0(OLS)http://pul/name/78361 710 0 $aFeyerabend, Sigmund,$d1528-1590$4pbl.$0(OLS)http://pul/name/72909 710 0 $aSchmidt, Peter,$dfl. 1557-1595$4pbl.$0(OLS)http://pul/name/77949 850 $aPUL 852 $aPUL$W1$xDP1 Antico 500$y12$m194 G 10$j61262$nBK-PRI$qStampati Antico$B61262$CPULBib$Z2$F61262 $82 941 1 $a15 961 $aAutore e titolo dell'opera abbreviato sul dorso.Ex libris sulla controguardia anteriore: Evaristi Carusi.Nota mss. di possesso abrasa sul front.Timbri sul front.: Biblioteca Carusi. 996 $6245$aDe ultimarum voluntatum interpretatione tractatus amplissimus, divisus in V libros ...$9(OLS)http://pul/title/57555 996 $6260$aFrancoforti ad Moenum :$b[Sigmund Feyerabend]$9(OLS)http://pul/publisher/66207 LEADER 01266nam a2200289 a 4500 001 000000142197 003 CaOOAMICUS 005 20150310125149.0 008 150310s1970 it u000 u ita r 040 $aPUL$bita 100 1 $aAlbertini, Rudolf von.$0(OLS)http://pul/name/91521 245 10$aFirenze dalla repubblica al principato :$bstoria e coscienza politica /$cRudolf von Albertini ; prefazione di Federico Chabod. 260 $aTorino :$bEinaudi,$c1970. 300 $aXVIII, 478 p. ;$c22 cm 490 1 $aBiblioteca di cultura storica ;$v109 500 $aContiene indici. 504 $aBibliografia in nota. 651 4$aFirenze$xStoria.$0(OLS)http://pul/subject/9534 700 1 $aChabod, Federico,$d1901-1960.$0(OLS)http://pul/name/37344 830 0$aBiblioteca di cultura storica (Einaudi) ;$v109.$0(OLS)http://pul/title/1254 850 $aPUL 852 $aPUL$W1$xDP1 Fondo Capitani$y116$m10 C 93$j164120$qFondi$B164210$CPULBib$Z2$F164210 $HCap1256 $82 941 1 $a1 961 $aNota ms. di possesso: Capitani. 996 $6245$aFirenze dalla repubblica al principato :$bstoria e coscienza politica$9(OLS)http://pul/title/179994 996 $6260$aTorino :$bEinaudi$9(OLS)http://pul/publisher/48130